000 00856nam a2200265 i 4500
001 40441
003 ES-SlBCS
005 20210327224006.0
008 951219m19721980fr bi 001 0 fre a
020 _a2204011681
035 _aUDE 000000255204
040 _aDEUSTO.
_bspa
_dES-SlBCS
130 0 0 _aBiblia
_pN.T.
_pEvangelios.
_lFrancés
_990619
245 1 0 _aSynopse des quatre évangiles en francais
260 _aParis :
_bCerf
_c, 1977
300 _av. III ;
_c27 cm
500 _aIndice
504 _aBibliografía
505 0 _tL'Evangile de Jean / commentaire par M.-E. Boismard et A. Lamouille ; avec la collaboration de G. Rochais
630 0 4 _aBiblia
_pN.T.
_pEvangelios-
_xConcordancias
_990620
700 1 1 _aBoismard, Marie-Emile
_92712
700 1 1 _aLamouille, Arnaud
_990591
700 1 1 _aRochais, Henri
_913410
942 _2lcc
_cBK
999 _c451137
_d451137